Catálogo
 En Linea

Del odio al amor / (Registro nro. 28881)

Detalles MARC
000 -CABECERA
campo de control de longitud fija 00399nam a2200133 a 4500
001 - NÚMERO DE CONTROL
campo de control 000029389
005 - FECHA Y HORA DE LA ÚLTIMA TRANSACCIÓN
campo de control 20200930055521.0
008 - DATOS DE LONGITUD FIJA--INFORMACIÓN GENERAL
campo de control de longitud fija 110415s19uu dr 000 0 spa d
040 ## - FUENTE DE LA CATALOGACIÓN
Centro catalogador/agencia de origen DO-SdBNP
Lengua de catalogación spa
Centro/agencia transcriptor BNPHU
100 1# - ENTRADA PRINCIPAL--NOMBRE DE PERSONA
Nombre de persona Ordoñez, Francisco
9 (RLIN) 56268
245 13 - MENCIÓN DE TÍTULO
Título Del odio al amor /
Mención de responsabilidad, etc. Francisco Ordoñez.
260 ## - PUBLICACIÓN, DISTRIBUCIÓN, ETC.
Lugar de publicación, distribución, etc. Santo Domingo :
Nombre del editor, distribuidor, etc. Casa Bautista de Publicaciones,
Fecha de publicación, distribución, etc. 199-?
300 ## - DESCRIPCIÓN FÍSICA
Extensión 43 p. ;
Dimensiones 19 cm.
Existencias
Estado de retiro Estado de pérdida No para préstamo Código de colección Localización permanente Ubicación/localización actual Ubicación en estantería Fecha de adquisición Número de inventario Total de préstamos Signatura topográfica completa Código de barras Fecha visto por última vez Precio válido a partir de Tipo de ítem Koha
    Excluido de préstamo Patrimonio Dominicano General General En catalogación 05.03.2013 LF1   29389-60 25.06.2020 25.06.2020 Libro y Folleto Colección Patrimonio Dominicano

Con tecnología Koha